Final Fantasy Characters Shooting Gallery Quiz Stats

 Plays Quiz not verified by Sporcle

Also try: Castlevania Games
Challenge
Share
Tweet
Embed
Score 0/36 Timer 05:00
0 Plays Today
% Correct
Black Mage
93.8%
Warrior
92.5%
White Mage
92.5%
Cloud
91.4%
Sephiroth
90.1%
Tifa
89.7%
Squall
89.4%
Tidus
89%
Yuna
89%
Auron
87%
Rinoa
86.6%
Lightning
86.3%
Zidane
85.3%
Vivi
84.2%
Vaan
83.2%
Terra
82.2%
Snow
82.2%
Quistis
81.2%
% Correct
Locke
80.8%
Balthier
80.8%
Cecil
80.1%
Steiner
79.5%
Hope
78.4%
Bartz
77.4%
Kain
76.4%
Basch
75.3%
Firion
74.3%
Cyan
73.3%
Luneth
71.6%
Maria
67.8%
Porom
67.8%
Faris
67.5%
Galuf
66.4%
Refia
61%
Ingus
60.6%
Minwu
56.2%

You're not logged in!

Compare scores with friends on all Sporcle quizzes.
OR
Log In

You Might Also Like...

Show Comments

Extras

Top Quizzes Today


Score Distribution

Your Account Isn't Verified!

In order to create a playlist on Sporcle, you need to verify the email address you used during registration. Go to your Sporcle Settings to finish the process.

Report this User

Report this user for behavior that violates our Community Guidelines.

Details: